00788nam a2200241 a 450000100060000000300080000600500170001400800390003103500190007004000280008904100080011708200220012510000400014724501090018726000360029630000210033249000380035350400200039165000200041165000210043170000560045283000380050814036BD-RjUL20211208235547.0140203s1959 nyu 001 0 eng a(BD-RjUL)14088 aDLCcCarPdBD-RjULbeng aeng a651bGRW 19592231 aGrillo, Elmer V. [from old catalog]10aWork measurement in the office :ba guide to office cost control /cElmer V. Grillo and Charles J. Berg. aNew York :bMcGraw-Hill,c1959. a186 p. ;c24 cm. aNoma series in office management. aIncludes index. 0aWork Management 0aOffice practice.1 aBerg, Charles J., [from old catalog]ejoint author. aNoma series in office management.